| 000 | 00540nam a2200193Ia 4500 | ||
|---|---|---|---|
| 001 | 59244 | ||
| 008 | 020101n2014 ii |||gr||||Z||||||465 | ||
| 020 | _a9780195613797 | ||
| 082 | _a301 | ||
| 100 |
_aHaralambos,Michael, _eAuthor. |
||
| 245 | 0 |
_aSociology : _bThemes and Perspectives / _cMichael Haralambos . _hTextual Documents |
|
| 250 | _aIst ed. | ||
| 260 |
_aDelhi _bOxford university _c2014 |
||
| 300 |
_a716pg: _c19cm. |
||
| 653 | _aSociology & anthropology | ||
| 653 | _aSociology | ||
| 653 | _aDeptt-Philosophy | ||
| 942 |
_2ddc _cBK |
||
| 999 |
_c59126 _d59126 |
||